• 首页
  • 本馆介绍
  • 公告通知
  • 最新文献
  • 馆藏检索
  • 电子资源
  • 读者导购
  • 参考咨询
  • 我的图书馆
  • 登录
  • 详细信息显示
  • 放入我的书架
  • 预约/预借图书
  • 作者相关作品
  • 分类相关作品
  • 丛书相关作品
  • 出版社相关作品

书目信息

  • 表格格式
  • 工作单格式
  • 卡片格式
题名:
中华人民共和国冶金工业部部标准
    
 
作者: 本社编
分册:   钢铁化学分析方法(YB 35(1-28)-78)
出版信息: 北京   技术标准出版社  1980
页数: 199页
开本: 26cm
丛书名:
单 册:
中图分类: T-652.2
科图分类:
主题词: 工业技术--规程 , 工业技术--标准
电子资源:
ISBN:
000 00724nam0 2200205 450
001 0760656368
005 20071003165301.64
010    @dCNY1.85
091    @a15169.2-3277
100    @a20071003d1980 km y0chiy0120 ea
101 0  @achi
200 1  @a中华人民共和国冶金工业部部标准@Azhong hua ren min gong he guo ye jin gong ye bu bu biao zhun@i钢铁化学分析方法(YB 35(1-28)-78)@f本社编@Fben she bian
210    @a北京@c技术标准出版社@d1980
215    @a199页@d26cm
517 1  @a钢铁化学分析方法(YB 35(1-28)-78)@Agang tie hua xue fen xi fang fa(YB 35(1-28)-78)
606 0  @a工业技术@x规程
606 0  @a工业技术@x标准
690    @aT-652.2@v4
801  0 @aCN@b大连网信软件有限公司图书馆·11@c20071003
905    @aZUCC@dT-652.2@e103
    
    中华人民共和国冶金工业部部标准.钢铁化学分析方法(YB 35(1-28)-78)/本社编.-北京:技术标准出版社,1980
    199页;26cm
    
    
    ISBN :CNY1.85
    
●
相关链接 在E读中查询图书 在五车中查询图书 在当当中查询图书 在豆瓣中查询图书


正题名:中华人民共和国冶金工业部部标准     索取号:T-652.2/103         预约/预借

序号 登录号 条形码 馆藏地/架位号 状态 备注
1 0626371   206263719   密集书库/ [索取号:T-652.2/103] 在馆    
2 0626372   206263728   密集书库/ [索取号:T-652.2/103] 在馆    
3 0626373   206263737   密集书库/ [索取号:T-652.2/103] 在馆    
唐山师范学院图书馆 欢迎您!
大连网信软件有限公司© 版权所有